000 00935nam0a22002651 4500
001 rc\3590507
005 20130115142234.3
021 _aRU
_b[70-92130]
035 _a(NLR Aleph) 007808366
090 _a7705419
_c7705419
100 _a20130115d1970 |||y0rusy50 ca
101 0 _arus
102 _aRU
105 _aa z |||||
200 1 _aБолезни усыхания косточковых плодовых деревьев в СССР
_fАН МССР. Ин-т физиологии и биохимии растений
210 _aКишинев
_cБ. и.
_d1970
215 _a268 с., 5 л. ил.
_cил.
_d26
320 _aБиблиогр.: с. 248-266
606 _aКосточковые культуры
_xУсыхание
_2psbo
700 1 _aПопушой
_bИ. С.
_f1924-
_gИван Семенович
801 0 _aRU
_bNLR
_gpsbo
801 1 _aRU
_bELAR
_2rusmarc
852 _aNLR
_j70-7/584
942 _cBOOK
980 _aNB